Wuppertal Quiz - Statistiken

Allgemein
  • Dieses Quiz wurde 77 mal gespielt
    64 seit der letzten Aktualisierung
  • Das Durchschnittsergebnis liegt bei 11 aus 20
Antwortstatistiken
Hint Antwort % Korrekt
Berühmtes Fortbewegungsmittel Schwebebahn
98%
Elefant der aus dem obrigen Fortbewegungsmittel spring Tuffi
89%
Bekannter Fußball Verein Wuppertaler SV
87%
Berühmter Chemie und Pharmerkonzern der in Wuppertal gegründet wurde Bayer AG
85%
Berühmter YouTuber welcher in Wuppertal geboren wurde und für sein CDU Video Bundesweite Bekanntheit erlangte Rezo
70%
Vorwahl 0202
66%
Berühmtes Tanztheater Pina Bausch
66%
Die wie viele größte Deutsche Stadt ist Wuppertal? 17
64%
Freund und Wegbegleiter von Karl Marx der im damaligen Barmen zur Welt kam Friedrich Engels
64%
Berg auf dem das größte Straßenfest stattfindet Ölberg
62%
Bekanntestes Kunstmuseum Von der Heydt Museum
62%
Konzertsaal der zu den besten Europas zählt Wuppertaler Stadthalle
57%
Aus Wuppertal stammender Bundespräsident Johannes Rau
55%
Anderer Name der Schwebebahn Station „Hauptbahnhof“ Döppersberg
51%
Aktueller Oberbürgermeister Uwe Schneidewind
47%
Lokale Zeitung Wuppertaler Rundschau
45%
An der Loher Brücke ist die _______ Junior Uni
38%
Bezirk der Stadt Berlin der offiziell als eine Partnerstadt Wuppertals gelistet ist Tempelhof-Schöneberg
13%
Regisseur der die oben erwähnte in einem Dokumentarfilm dokumentierte Wim Wenders
9%
Bekannter Künstler Tony Cragg
4%
Keine übereinstimmenden Quizze gefunden
Verteilung der Resultate
Anzahl Personen mit jedem Resultat
Perzentil nach korrekt beantworteten Fragen
Ihre Resultats-Entwicklung
Sie haben dieses Quiz seit der letzten Aktualisierung nicht gespielt